<?xml version="1.0" encoding="UTF-8"?>
<collection xmlns="http://www.loc.gov/MARC21/slim">
    <record>
        <controlfield tag="001">79674</controlfield>
        <controlfield tag="005">20190819103726.0</controlfield>
        <datafield tag="024" ind1="8" ind2=" ">
            <subfield code="2">sideral</subfield>
            <subfield code="a">112536</subfield>
        </datafield>
        <datafield tag="037" ind1=" " ind2=" ">
            <subfield code="a">ART-2018-112536</subfield>
        </datafield>
        <datafield tag="041" ind1=" " ind2=" ">
            <subfield code="a">spa</subfield>
        </datafield>
        <datafield tag="100" ind1=" " ind2=" ">
            <subfield code="0">(orcid)0000-0003-4898-8794</subfield>
            <subfield code="a">Vázquez Obrador, Jesús</subfield>
            <subfield code="u">Universidad de Zaragoza</subfield>
        </datafield>
        <datafield tag="245" ind1=" " ind2=" ">
            <subfield code="a">Una minuta notarial testamentaria de 1457 con registros del significante Pandicosa</subfield>
        </datafield>
        <datafield tag="260" ind1=" " ind2=" ">
            <subfield code="c">2018</subfield>
        </datafield>
        <datafield tag="506" ind1="0" ind2=" ">
            <subfield code="a">Access copy available to the general public</subfield>
            <subfield code="f">Unrestricted</subfield>
        </datafield>
        <datafield tag="520" ind1="3" ind2=" ">
            <subfield code="a">En este artículo se edita una de las minutas registradas en el protocolo correspondiente al año 1457 de un notario de nombre desconocido que parece haber ejercido su actividad en Sallent de Gállego (valle de Tena). En dicha minuta se atestiguan nuevas menciones del significante Pandicosa usado para referirse a la localidad oscense de Panticosa (ubicada en el citado valle), y vienen a ampliar la nómina de otras que ya dimos a conocer en un artículo publicado ya hace diecinueve años y que se encontraban en protocolos notariales de años anteriores: entre 1424 y 1431. Por otra parte, la edición se acompaña de unos apuntes en los que se describen de forma breve ciertos aspectos de la lengua escrita usada por el notario atingentes a la ortografía, morfología y sintaxis. Se incluye también un extenso repertorio del léxico presente en el documento editado.</subfield>
        </datafield>
        <datafield tag="540" ind1=" " ind2=" ">
            <subfield code="9">info:eu-repo/semantics/openAccess</subfield>
            <subfield code="a">by-nc-nd</subfield>
            <subfield code="u">http://creativecommons.org/licenses/by-nc-nd/3.0/es/</subfield>
        </datafield>
        <datafield tag="655" ind1=" " ind2="4">
            <subfield code="a">info:eu-repo/semantics/article</subfield>
            <subfield code="v">info:eu-repo/semantics/publishedVersion</subfield>
        </datafield>
        <datafield tag="710" ind1="2" ind2=" ">
            <subfield code="1">3010</subfield>
            <subfield code="2">567</subfield>
            <subfield code="a">Universidad de Zaragoza</subfield>
            <subfield code="b">Dpto. Lingüíst. Gral. e Hisp.</subfield>
            <subfield code="c">Área Lengua Española</subfield>
        </datafield>
        <datafield tag="773" ind1=" " ind2=" ">
            <subfield code="g">30 (2018), 191-216</subfield>
            <subfield code="p">Alazet</subfield>
            <subfield code="t">Alazet</subfield>
            <subfield code="x">0214-7602</subfield>
        </datafield>
        <datafield tag="856" ind1="4" ind2="1">
            <subfield code="u">http://revistas.iea.es/index.php/ALZ/article/view/2728</subfield>
            <subfield code="z">Texto completo de la revista</subfield>
        </datafield>
        <datafield tag="856" ind1="4" ind2=" ">
            <subfield code="s">265622</subfield>
            <subfield code="u">http://zaguan.unizar.es/record/79674/files/texto_completo.pdf</subfield>
            <subfield code="y">Versión publicada</subfield>
        </datafield>
        <datafield tag="856" ind1="4" ind2=" ">
            <subfield code="s">44985</subfield>
            <subfield code="u">http://zaguan.unizar.es/record/79674/files/texto_completo.jpg?subformat=icon</subfield>
            <subfield code="x">icon</subfield>
            <subfield code="y">Versión publicada</subfield>
        </datafield>
        <datafield tag="909" ind1="C" ind2="O">
            <subfield code="o">oai:zaguan.unizar.es:79674</subfield>
            <subfield code="p">articulos</subfield>
            <subfield code="p">driver</subfield>
        </datafield>
        <datafield tag="951" ind1=" " ind2=" ">
            <subfield code="a">2019-08-19-09:43:06</subfield>
        </datafield>
        <datafield tag="980" ind1=" " ind2=" ">
            <subfield code="a">ARTICLE</subfield>
        </datafield>
    </record>

    
</collection>